MARC

LEADER 00000nas a22000007a 4500
001 ssj0007530
003 WaSeSS
005 20200512172242.0
006 m d
007 cr n
008 050614c19989999dcutr pss | a0eng
010 |a  2011202359 
022 |a 2163-2294  |y 1099-3681 
035 |a (WaSeSS)ssj0007530 
037 |b American Council on Education, One Dupont Circle NW, Washington, DC 20036-1193 
040 |a OCLCS  |b eng  |c OCLCS  |d TXJ  |d CO3  |d OCLCQ  |d DLC  |d OCLCQ  |d OCLCF  |d OCLCO  |d OCLCQ  |d ZAC  |d OCLCA  |d WaSeSS 
042 |a pcc  |a nsdp 
043 |a n-us--- 
050 1 4 |a LB2341  |b .P655 
082 1 0 |a 378  |2 14 
130 0 |a Presidency (Washington, D.C. : Online) 
222 4 |a The Presidency  |b (Washington, D.C. Online) 
245 1 4 |a The Presidency  |h [electronic resource] /  |c American Council on Education. 
260 |a Washington, DC :  |b The Council 
310 |a Three times a year 
362 1 |a Began with v. 1, no. 1 (spring 1998). 
500 |a "The magazine for higher education leaders." 
506 |a License restrictions may limit access. 
515 |a Vol. for spring 1998 called also Premiere issue. 
538 |a Mode of access: World Wide Web. 
588 |a Description based on: Winter 2006; title from table of contents pg. (Acenet.edu, viewed June 14, 2005). 
588 |a Latest issue consulted: Spring/summer 2011 (viewed Aug. 29, 2011). 
650 0 |a Universities and colleges  |x Administration  |v Periodicals. 
650 0 |a College presidents  |z United States  |v Periodicals. 
650 7 |a College presidents.  |2 fast  |0 (OCoLC)fst00867876 
650 7 |a Universities and colleges  |x Administration.  |2 fast  |0 (OCoLC)fst01161604 
651 7 |a United States.  |2 fast  |0 (OCoLC)fst01204155 
655 0 |a Electronic journals. 
710 2 |a American Council on Education. 
776 1 |t Presidency (Washington, D.C.)  |x 1099-3681  |w (DLC) 98657781  |w (OCoLC)39058719 
856 4 0 |z Full text available from Research Library: 04/01/1998 to 01/31/2017  |u https://search.proquest.com/publication/10687